Normal view
MARC view
- Krajeski, Jenna.
Entry Personal Name
001 - CONTROL NUMBER
- control field: 4162
003 - CONTROL NUMBER IDENTIFIER
- control field: OSt
005 - DATE AND TIME OF LATEST TRANSACTION
- control field: 20190524142032.0
008 - FIXED-LENGTH DATA ELEMENTS
- fixed length control field: 190524|| aca||aabn | a|a d
040 ## - CATALOGING SOURCE
- Original cataloging agency: OSt
- Transcribing agency: OSt
100 ## - HEADING--PERSONAL NAME
- Personal name: Krajeski, Jenna.
670 ## - SOURCE DATA FOUND
- Source citation: Work cat.: (OSt)15671: Murad, Nadia. 4161, The last girl : my story of captivity, and my fight against the Islamic State, 2017
